000 00316nam a22001337a 4500
008 171103b xxu||||| |||| 00| 0 eng d
020 _a9780071752633
041 _aeng
080 _a339.138
100 _a60
101 _aMAR
245 _aTHE POWER OF REAL-TIME SOCIAL MEDIA MARKETING
_cMACY,B
942 _2udc
_cBK
999 _c37516
_d37516